000 00483nam a2200169Ia 4500
999 _c36309
_d36309
003 OSt
005 20201214103843.0
008 190216s9999||||xx |||||||||||||| ||und||
040 _coclc
082 _a535
_bKER/L
100 _aKerrod, Robin
_97409
245 0 _aLight And Lasers /
_cRobin Kerrod
260 _bOxford University Press,
_c1999.
_aNew York:
300 _a57p
650 _aInsights Light And Lasers
942 _cREF
_2ddc
_h535
_iKER/L
_k535
_mKER/L